000
00293nam a2200109Ia 4500
008
171211s9999 xx 000 0 und d
245
_a
Smart People Don't Diet
245
_c
Charlotte N. Markey
260
_c
2014
650
_x
HEALTH
856
_u
http://down.ebook777.com/017/9780738217710.pdf
999
_c
348379
_d
348379